| 000 | 01174cam a22002054a 4500 | ||
|---|---|---|---|
| 005 | 20250605164207.0 | ||
| 008 | 250528s ||||||||||||||||||||||||d | ||
| 035 | _a20112 | ||
| 020 | _a9264037098 | ||
| 040 |
_aGR-AtMCL _bgre _dGR-AtMCL _eAACR2 |
||
| 245 | 1 | _aMethods of Privatising Large Enterprises / Methodes de Privatisation des Grandes Enteprises | |
| 260 | _c1993 | ||
| 300 | _a184 | ||
| 520 | _aThis volume is intended to add to the understanding of the problems that policy-makers there have to address in designing and implementing policies for the privatization of large enterprises. Privatizing large Enterprises: Overview of Issues and Case Studies, Critical Issues in Privatization, Poland: Country Study, Poland: A Case Study of the Prochnik Joint Stock Company, Hungary: A Case Study of the Ibusz Privatization, Privatization in the New Federal Lander Results of a Survey of Eastern German Enterprises, Poland: Country Study, Poland: A Case Study of the Prochnik Joint Stock Company, Privatization in the New Federal Lander, Poland: Country Study. | ||
| 700 | 1 |
_aOcde _96161 |
|
| 942 | _cBK | ||
| 999 |
_c5251 _d5251 |
||